Quiz über die Stadt Koblenz - Statistiken

Allgemein
  • Dieses Quiz wurde 95 mal gespielt
  • Das Durchschnittsergebnis liegt bei 8 aus 15
Antwortstatistiken
Hint Antwort % Korrekt
Hauptflüsse Rhein
100%
Mosel
99%
Obiges Denkmal steht auf einer Landzunge, die in den erwähnten Zusammenfluss hineinragt. Wie wird diese genannt? Deutsches Eck
86%
Festung, die zum UNESCO-Weltkulturerbe Oberer Mittelrhein gehört und wo das Landesmuseum Koblenz untergebracht ist Ehrenbreitstein
78%
Name im lokalen Dialekt Kowelenz
76%
Eines von acht Deutschen Nationaldenkmälern; es zeigt diesen Herrscher Kaiser Wilhelm I.
71%
Name bis 1926 Coblenz
58%
Koblenz wurde 1018-1801 von diesem Bistum/Kurfürstentum beherrscht und war in der Neuzeit dessen weltliche Residenz Trier
52%
Römischer Name (steht für den Zusammenfluss der beiden Flüsse) Castellum apud Confluentes
48%
Helles Schloss südlich der Stadt auf der linken Rheinseite, welches seit dem Mittelalter eine Ruine war und im 19. Jahrhundert im neugotischen Stil neu erbaut wurde Schloss Stolzenfels
46%
Koblenz war 1822-1945 Hauptstadt dieser preußischen Provinz Rheinprovinz
24%
Französischer Präsident (1974-1981), der im Rahmen der französischen Besatzung als Sohn eines Beamten 1926 in Koblenz geboren wurde Valéry Giscard d'Estaing
19%
Schriftsteller der Romantik, der 1778 in Koblenz geboren wurde. Er schrieb u.a. eine berühmte Ballade über die Loreley. Clemens von Brentano
10%
Koblenz war 1798-1814 Hauptstadt dieses französischen Départements Département de Rhin-et-Moselle | Rhein-Mosel-Departement
10%
Youtuber ("Die Filmanalyse", "Wohlstand für Alle") und Podaster ("Die Neuen Zwanziger"), der in Koblenz wohnt Wolfgang M. Schmitt
6%
Keine übereinstimmenden Quizze gefunden
Verteilung der Resultate
Anzahl Personen mit jedem Resultat
Perzentil nach korrekt beantworteten Fragen
Ihre Resultats-Entwicklung
Sie haben dieses Quiz noch nicht gespielt